000 00800nam a2200217 i 4500
001 bg
100 1 _aKOŁODZIEJ, Edward
245 1 0 _aMetodyka badań i doboru tworzyw sztucznych na elementy ślizgowe /
_cEdward Kołodziej ; Politechnika Krakowska im. Tadeusza Kościuszki.
260 _aKraków :
_bPK,
_c1993.
300 _a164, [1] s. :
_brys., wykr. ;
_c24 cm.
490 1 _aMonografia / Politechnika Krakowska im. Tadeusza Kościuszki,
_x0860-097X ;
_v158
504 _aBibliogr. s. 141-158.
650 9 _aŁożyska ślizgowe
650 9 _aTworzywa sztuczne
_xstosowanie
830 0 _aMonografia (Politechnika Krakowska im. Tadeusza Kościuszki) ;
_v158
040 _cBPK
041 0 _apl
_bplende
080 _a621.82/.85:678
942 _cKS
008 s pl f |000 0 pol
999 _c29997
_d29997
856 _uhttp://koha.tu.koszalin.pl/cgi-bin/koha/opac-detail.pl?biblionumber=29997
_yKatalog online BPK